000 00373nam a2200145 i 4500
001 bg
245 0 _aFizika promeżutočnych reaktorov /
_cperev. s angl. I. A. Stennoboka.
260 _aMoskva :
_bGosatomizdat,
_c1961.
300 _as. 626 :
_bilustr.
040 _cBPK
041 _apol
080 _a621.039
942 _cKS
008 s pl f |000 0 pol
999 _c12798
_d12798
856 _uhttp://koha.tu.koszalin.pl/cgi-bin/koha/opac-detail.pl?biblionumber=12798
_yKatalog online BPK